| 000 | 00748 a2200193 4500 | ||
|---|---|---|---|
| 999 |
_c25774 _d25774 |
||
| 005 | 20190305161707.0 | ||
| 010 | _aB-213069-097, B-213096 | ||
| 020 |
_c300..00 _a8170173965 |
||
| 035 | _aB-213069-097, B-213096,B-213091 | ||
| 037 | _bPansy | ||
| 082 | _aN | ||
| 100 | _aPrem, P.C.K. | ||
| 245 |
_aA handsome man / _cby P.C.K. Prem |
||
| 260 |
_aNew Delhi _bAbhinav Publications _c2001 |
||
| 270 |
_aE-37, Hauz Khas _bNew Delhi _e110 016 _cDelhi _k26566387, 26562784, 26524658 _l91-11-6857009 _mwww.abhinavexports.com |
||
| 300 |
_a261p. _c22cm. (Hb) |
||
| 942 |
_adpl _cEN _2ddc _hN _mPRE |
||